Tina Arena - Je m'appelle Bagdad - Statistiques

Statistiques générales
  • Ce quiz a été pris 18 fois
  • Le résultat moyen est 128 sur 193
Statistiques - réponses
Réponse % Correct
Bagdad
100%
et
100%
Et
100%
Je
100%
je
100%
M'a
100%
ma
100%
m'a
100%
m'appelle
100%
Le
93%
le
93%
suis
93%
de
87%
des
87%
tombée
87%
la
80%
Sous
80%
feu
73%
me
73%
On
73%
blindés,
67%
blindés
67%
défigurée
67%
J'ai
67%
les
67%
Les
67%
se
67%
comme
60%
Comme
60%
Princesse
60%
que
60%
sur
60%
Dieu
53%
D'or
53%
Ils
53%
mes
53%
Mes
53%
mon
53%
noir
53%
nuits
53%
ont
53%
oubliée,
53%
oubliée
53%
pierres
53%
précieuses
53%
tout
53%
une
53%
vis
53%
capitale
47%
C'est
47%
dans
47%
en
47%
lumière
47%
m'appelait
47%
palais
47%
passe
47%
temps
47%
vécu
47%
assassine
40%
cité
40%
encore
40%
grâce
40%
heureuse
40%
perd
40%
pleine
40%
plus
40%
qu'on
40%
Shéhérazade
40%
âme
33%
bal
33%
beauté
33%
bulldozers
33%
cristal
33%
esprits
33%
fumantes
33%
hantent
33%
Mille
33%
mille
33%
pleure
33%
bousculaient
27%
califes
27%
contes
27%
détruit
27%
glissait
27%
mendiante
27%
pauvre
27%
pavés
27%
ruine
27%
terres
27%
Tigre
27%
carnets
20%
N'intéressent
20%
personne
20%
Aucun quiz correspondant
Distribution des résultats
% des personnes avec chaque résultat
Percentile par nombre de réponses
Votre historique - résultats
Vous n’avez pas pris ce quiz